| 000 | 00713nam a2200193Ii 4500 | ||
|---|---|---|---|
| 003 | JO-AjNU | ||
| 008 | 230605s9999||||xx |||||||||||||| ||und|| | ||
| 040 |
_aJO-AjNU _bara _erda _cJO-AjNU |
||
| 041 | _aara | ||
| 050 | 1 | 4 | _aQ143.B3.S53 1968 |
| 100 | 3 |
_aالشحات، على احمد ؛ تقديم عبد الحليم منتصر , _eauthor _917352 |
|
| 245 | 0 | 0 | _aابو الريحان البيروني حياته ، مؤلفاته ، ابحاثه العلمية |
| 264 | 3 | 1 | _aالقاهرة:دار المعارف ،1986 |
| 300 | _a241ص | ||
| 336 |
_atext _btxt _2rdacontent |
||
| 337 |
_aunmediated _bn _2rdamedia |
||
| 338 |
_avolume _bnc _2rdacarrier |
||
| 650 | 4 |
_aالعلماء العرب -تراجم _917353 |
|
| 999 |
_aA5341 _c8909 _d8909 |
||